Catálogo
 En Linea

Memoria presentada por el señor Eduardo R. Soler, presidente del Ayuntamiento de Santo Domingo durante los años 1910-1911. (Registro nro. 32858)

Detalles MARC
000 -CABECERA
campo de control de longitud fija 00490nam a2200133 a 4500
001 - NÚMERO DE CONTROL
campo de control 000033367
005 - FECHA Y HORA DE LA ÚLTIMA TRANSACCIÓN
campo de control 20200930070217.0
008 - DATOS DE LONGITUD FIJA--INFORMACIÓN GENERAL
campo de control de longitud fija 110825s1924 dr r 000 0 spa d
040 ## - FUENTE DE LA CATALOGACIÓN
Centro catalogador/agencia de origen DO-SdBNP
Lengua de catalogación spa
Centro/agencia transcriptor BNPHU
082 ## - NÚMERO DE LA CLASIFICACIÓN DECIMAL DEWEY
Número de clasificación xxxx
Número de documento/Ítem M533
245 00 - MENCIÓN DE TÍTULO
Título Memoria presentada por el señor Eduardo R. Soler, presidente del Ayuntamiento de Santo Domingo durante los años 1910-1911.
260 ## - PUBLICACIÓN, DISTRIBUCIÓN, ETC.
Lugar de publicación, distribución, etc. Santo Domingo :
Nombre del editor, distribuidor, etc. [Imp. de J. R. Vda García],
Fecha de publicación, distribución, etc. [1924].
300 ## - DESCRIPCIÓN FÍSICA
Extensión 1 volumen en varias páginas ;
Dimensiones 25 cm.
Existencias
Estado de retiro Estado de pérdida Restricciones de uso No para préstamo Código de colección Localización permanente Ubicación/localización actual Ubicación en estantería Fecha de adquisición Número de inventario Total de préstamos Signatura topográfica completa Código de barras Fecha visto por última vez Precio válido a partir de Tipo de ítem Koha
      Excluido de préstamo Raros y valiosos Patrimonio Dominicano Patrimonio Dominicano Depósito 25.08.2011 LF1   xxxx M533 33367-10 25.06.2020 25.06.2020 No se presta

Con tecnología Koha